| 000 -LEADER |
| fixed length control field |
00697nam a2200241Ia 4500 |
| 001 - CONTROL NUMBER |
| control field |
16539 |
| 003 - CONTROL NUMBER IDENTIFIER |
| control field |
GE_BSU |
| 005 - DATE AND TIME OF LATEST TRANSACTION |
| control field |
20200131131918.0 |
| 008 - FIXED-LENGTH DATA ELEMENTS--GENERAL INFORMATION |
| fixed length control field |
181216s2006||||en |||||||||||||| ||eng|| |
| 020 ## - INTERNATIONAL STANDARD BOOK NUMBER |
| International Standard Book Number |
9781592535873 |
| 040 ## - CATALOGING SOURCE |
| Transcribing agency |
GE_BSU |
| 041 ## - LANGUAGE CODE |
| Language code of text/sound track or separate title |
eng |
| 080 ## - UNIVERSAL DECIMAL CLASSIFICATION NUMBER |
| Universal Decimal Classification number |
745/749 L-68 |
| 100 ## - MAIN ENTRY--PERSONAL NAME |
| Personal name |
Lidwell, William. |
| 9 (RLIN) |
6597 |
| 245 ## - TITLE STATEMENT |
| Title |
Universal principles of design / |
| Statement of responsibility, etc. |
William Lidwell ; Holden Kritina ; Butler Jill . |
| 260 ## - PUBLICATION, DISTRIBUTION, ETC. |
| Date of publication, distribution, etc. |
Beverly Massachusetts : |
| Place of publication, distribution, etc. |
Rockport, |
| Name of publisher, distributor, etc. |
2010. |
| 300 ## - PHYSICAL DESCRIPTION |
| Extent |
272 p .: |
| Other physical details |
ill; |
| Dimensions |
27 cm. |
| 653 ## - INDEX TERM--UNCONTROLLED |
| keyword |
Design--Dictionaries. |
| 653 ## - INDEX TERM--UNCONTROLLED |
| keyword |
დიზაინი |
| 700 ## - ADDED ENTRY--PERSONAL NAME |
| Personal name |
Kritina, Holden |
| 9 (RLIN) |
6598 |
| 700 ## - ADDED ENTRY--PERSONAL NAME |
| Personal name |
Jill , Butler |
| 9 (RLIN) |
6599 |
| 942 ## - ADDED ENTRY ELEMENTS (KOHA) |
| Koha item type |
წიგნი |
| Source of classification or shelving scheme |
|